000 02348nam a2200253 a 4500
001 000045912
005 20240710123701.0
008 150527s1996 dr abc r 000 0 spa d
040 _aDO-SdBNP
_bspa
_cBNPHU
082 _a972.93
_bM385m, 1996
100 1 _aMartínez Almanzar, Juan Francisco
_d1950 -
_910459
245 1 0 _aManual de historia crítica dominicana /
_cJuan Francisco Martínez Almánzar.
250 _a6a ed.
260 _aSanto Domingo :
_bCAIS,
_c1996.
300 _a584 p. :30 :
_bil., mapas, retrs. ;
_c21 cm.
500 _aIncluye datos biográficos del autor en la contracubierta.
504 _aBibliografía : p. 577-582
505 0 _aPrehistoria e historia --
_tSituación de Europa del descubrimiento --
_tLa sociedad aborigen --
_tEl descubrimiento de América --
_tConquista y colonización --
_tColón y la anulación de las capitulaciones de Santa Fe --
_tEl regimen de las encomiendas --
_tInicio de la industria azucarera --
_tLa Española de 1520 a 1550 --
_tLa Española en la segunda mitad del siglo XVI --
_tLa Isla de Santo Domingo en el siglo XVII --
_tLa Isla de Santo Domingo en el siglo XVIII --
_tLa revolución haitiana --
_tLa dominación francesa y española a principios del siglo XIX --
_tUnificación política de la Isla y separación --
_tLos inicios de la primera República --
_tEl caudillismo y la situación de la naciente República durante su primer período (1844-1861) --
_tAnexión y guerra de restauración --
_tLos primeros años de la Segunda República --
_tAgudización de la crisis --
_tLos liberales en el poder --
_tLa dictadura de Ulises Heureaux --
_tLos nuevos caudillos a principio de siglo --
_tDesarrollo y violencia en el país --
_tOcupación militar norteamericana --
_tLa República Dominicana 1924-1930 --
_tLos primeros diez años de dictadura --
_tEl período de 1940-1950 --
_tLa dictadura trujillista período 1950-1961 --
_tInicio de la democracia (1961-1963) --
_tRevolución e intervención en 1965 --
_tEl gobierno de los Doce Años --
_tBreve cronología de 1978 a 1996 --
590 _aInventariado, 2019/BT
651 4 _aRepública Dominicana
_xHistoria
_9170
651 4 _aIsla Hispaniola (Haití Y República Dominicana{Rpara}
_xHistoria
_973982
710 2 2 _aCentro de Adiestramiento e Investigación Social (República Dominicana)
_946052
910 _aValidado. Control de calidad. MFF
999 _c45401
_d45401